000 00303nam a22001337a 4500
020 _a817826165-0
082 _a823
_bROH/A
100 _aROHAN BOOK COMPANY
245 _aARABIAN NIGHTS
260 _aDELHI
_bROHAN BOOK COMPANY
_c2003
300 _a189
650 _aMODERN ILLUSTRATED CLASSICS
942 _cBK
999 _c395
_d395